[Event "33rd TCh-IND 2013"]
[Site "Hyderabad IND"]
[Date "2013.02.21"]
[Round "2.4"]
[White "Santu,M"]
[Black "Himanshu,Sh"]
[Result "1/2-1/2"]
[WhiteElo "2142"]
[BlackElo "2397"]

1.d4 d5 2.Nf3 Nf6 3.c4 c6 4.g3 Bf5 5.Nc3 e6 6.Bg2 Nbd7 7.O-O h6 8.Nd2 Be7
9.e4 dxe4 10.Ndxe4 O-O 11.Be3 Nxe4 12.Nxe4 Nf6 13.Nc3 Qa5 14.h3 Rad8 15.Qe2 Rd7
16.Rfd1 Rfd8 17.a3 Ne8 18.Rd2 Bf6 19.Rad1 Nd6 20.Bf4 Nc8 21.Be3 Ne7 22.g4 Bg6
23.Ne4 Bxe4 24.Bxe4 b5 25.Bb1 bxc4 26.Qxc4 Qd5 27.Qxd5 Nxd5 28.Rc1 Ne7 29.Be4 Bxd4
30.Rxd4 Rxd4 31.Bxd4 Rxd4 32.Bxc6 a5 33.Bg2 g5 34.Kf1 Rd2 35.Rb1 a4 36.Ke1 Rd3
37.Rc1 Rb3 38.Rc2 Kg7 39.Kd1 Nd5 40.Bxd5 exd5 41.Rd2 Kf6 42.Rxd5 Rxb2 43.Rf5+ Kg6
44.Rf3 Ra2 45.Ke1 f6 46.Kf1 Kf7 47.Re3 Kg6 48.Kg2 h5 49.Rc3 h4 50.Rd3 Kf7
51.Re3 f5 52.Re5 fxg4 53.hxg4 Rxa3 54.Rxg5 h3+ 55.Kh2 Rf3 56.Ra5 a3 57.Ra6 Kg7
58.Kg1 Kf7 59.Kh2 Rxf2+ 60.Kxh3 a2 61.Kh4 Rc2  1/2-1/2

[Event "ch-Central Serbia w 2013"]
[Site "Pozarevac SRB"]
[Date "2013.02.21"]
[Round "6.2"]
[White "Rakic,Te"]
[Black "Petrovic,Tijana"]
[Result "1-0"]
[WhiteElo "1825"]
[BlackElo "1666"]

1.d4 d5 2.c4 c6 3.Nf3 Nf6 4.g3 Bf5 5.Bg2 e6 6.Nc3 Nbd7 7.O-O Bd6 8.Nd2 O-O
9.f3 e5 10.dxe5 Nxe5 11.cxd5 Bc5+ 12.Kh1 cxd5 13.Nb3 Bb6 14.Nd4 Bg6 15.b3 Re8
16.Bg5 Nc6 17.Nxc6 bxc6 18.Na4 Bc7 19.Rc1 Qd6 20.Bf4 Qe7 21.Bxc7 Qxc7 22.b4 Re3
23.Qd2 Rae8 24.Rfe1 Qb7 25.Nc5 Qe7 26.Bf1 Bh5 27.Red1 Bg6 28.a4 h5 29.Rc3 Rxc3
30.Qxc3 Rb8 31.Na6 Rb6 32.e3 Qe8 33.a5 Rb7 34.Rc1 Re7 35.Qxc6 Qxc6 36.Rxc6 Rxe3
37.Kg2 Re7 38.Rc7 Rxc7 39.Nxc7 d4 40.Kf2 d3 41.Ke3 Kf8 42.Bxd3 Bxd3 43.Kxd3 Ke7
44.Kd4 Kd7 45.Nb5 a6 46.Nc3 Kc6 47.Kc4 Nd7 48.f4 f5 49.Ne2 g6 50.Nd4+ Kc7
51.Kd5 Nf8 52.Ne6+ Nxe6 53.Kxe6 Kc6  1-0

[Event "ch-ROU 2013"]
[Site "Baile Olanesti ROU"]
[Date "2013.02.22"]
[Round "9.27"]
[White "Glodeanu,I"]
[Black "Acsinte,M"]
[Result "1/2-1/2"]
[WhiteElo "2180"]
[BlackElo "2030"]

1.Nf3 d5 2.d4 Nf6 3.c4 c6 4.g3 e6 5.Bg2 Nbd7 6.O-O h6 7.b3 Be7 8.Bb2 O-O
9.Ne5 Qc7 10.Nxd7 Qxd7 11.Re1  1/2-1/2

[Event "ch-ROU 2013"]
[Site "Baile Olanesti ROU"]
[Date "2013.02.22"]
[Round "9.10"]
[White "Doncea,V"]
[Black "Vladescu,F"]
[Result "1-0"]
[WhiteElo "2431"]
[BlackElo "2225"]

1.d4 d5 2.c4 c6 3.Nf3 Nf6 4.g3 a6 5.Bg2 b5 6.c5 a5 7.Ne5 g6 8.Nc3 Bg7 9.O-O O-O
10.b3 Nfd7 11.f4 Nf6 12.e3 b4 13.Na4 Ba6 14.Rf2 Ne4 15.Bxe4 dxe4 16.Nb6 Ra7
17.Nec4 Nd7 18.Bb2 Nxb6 19.Nxb6 Bd3 20.a3 Qc7 21.Bc1 Rb7 22.axb4 axb4 23.Rfa2 Rxb6
24.cxb6 Qxb6 25.Bb2 e5 26.fxe5 Bh6 27.Bc1 c5 28.dxc5 Qxc5 29.Qd2 Qd5 30.Qxb4 Rc8
31.Rf2 Bf8 32.Qd4 Qxb3 33.e6 Bg7 34.exf7+ Qxf7 35.Qa4 Qb7 36.Bb2 Bxb2 37.Qa2+ Qd5
38.Qa4 Bg7  1-0

[Event "3rd Petropolis Open"]
[Site "Petropolis BRA"]
[Date "2013.02.23"]
[Round "4.5"]
[White "Burgos,M"]
[Black "Chemin,J"]
[Result "1/2-1/2"]
[WhiteElo "2194"]
[BlackElo "2149"]

1.d4 d5 2.c4 c6 3.Nf3 Nf6 4.g3 g6 5.Bg2 Bg7 6.O-O O-O 7.b3 a5 8.Nc3 h6 9.Ne5 Be6
10.cxd5 Nxd5 11.Ne4 Na6 12.Ba3 Ndb4 13.Bb2 Bxe5 14.dxe5 Qxd1 15.Rfxd1 Nxa2
16.Rxa2 Bxb3 17.Rda1 Bxa2 18.Rxa2 Nb4 19.Ra1 b6 20.Bc3 Nd5 21.Bd2 a4 22.Nc3 Nxc3
23.Bxc3 Rfc8 24.Kf1 Ra7 25.Ke1 b5 26.Kd2 c5 27.Kc2 e6 28.Bd2 b4 29.Be4 Rb8
30.Bd3 c4 31.Bxc4 Rc8 32.Kd3 Rd7+ 33.Ke3 Rxc4 34.Rxa4 Rb7 35.Kd3 b3 36.Rxc4 b2
37.Rc1 bxc1=Q 38.Bxc1 h5 39.Bh6 Rb4 40.Ke3 h4 41.Kf3 hxg3 42.hxg3 Kh7 43.Bg5 Kg7
44.Be7 Rb7 45.Bd6 f6 46.exf6+ Kxf6 47.Kf4 g5+ 48.Ke4 Rb5 49.g4 Ra5 50.f3 Ra4+
51.Ke3 e5 52.Bc7 Rd4 53.Bb6 Rd7 54.Ke4 Ke6 55.Be3 Kf6 56.Bb6 Rd6 57.Bc5 Ra6
58.Ke3 Rc6 59.Bb4 Rc4 60.Ba5  1/2-1/2

[Event "TCh-CAT Div Hon 2013"]
[Site "Catalonia ESP"]
[Date "2013.03.02"]
[Round "7.4"]
[White "Gual Pascual,A"]
[Black "Ayas Fernandez,A"]
[Result "1-0"]
[WhiteElo "2480"]
[BlackElo "2278"]

1.d4 d5 2.c4 c6 3.Nf3 Nf6 4.Nbd2 g6 5.g3 Bg7 6.Bg2 O-O 7.O-O Bf5 8.b3 Nbd7
9.Bb2 Ne4 10.Nh4 Qa5 11.Nxe4 dxe4 12.Nxf5 gxf5 13.Qc1 Rad8 14.Rd1 b5 15.d5 Bxb2
16.Qxb2 bxc4 17.bxc4 e6 18.g4 cxd5 19.cxd5 exd5 20.gxf5 Qb6 21.Qxb6 Nxb6
22.Rd4 Rc8 23.a4 Rc5 24.f3 exf3 25.Bxf3 Kg7 26.a5 Nc4 27.Rxd5 Rxd5 28.Bxd5 Ne3
29.Be4 Kf6 30.Rc1 Nxf5 31.Rc6+ Ke5 32.Bd3 Nd6 33.Rc7 f5 34.Rxa7 h6 35.a6 Rg8+
36.Kf2 Ne4+ 37.Bxe4 fxe4 38.Re7+ Kd4 39.a7 Rf8+ 40.Kg3 Ke3 41.h3 Ra8 42.Kg4 Rg8+
43.Kh4 Kf4 44.Re6 Ra8 45.Ra6 Ke3 46.Ra2 Kf2 47.Kh5 e3 48.Kg4 Rg8+ 49.Kf5 Ra8
50.h4 h5 51.Kg5 Rxa7 52.Rxa7 Kxe2 53.Kxh5  1-0

[Event "TCh-CAT Div Hon 2013"]
[Site "Catalonia ESP"]
[Date "2013.03.02"]
[Round "7.3"]
[White "Delorme,Ax"]
[Black "Lillo Castay,V"]
[Result "1-0"]
[WhiteElo "2471"]
[BlackElo "2327"]

1.d4 d5 2.c4 c6 3.Nf3 Nf6 4.Qc2 dxc4 5.Qxc4 Bf5 6.g3 e6 7.Bg2 Be7 8.O-O O-O
9.e3 Nbd7 10.Rd1 Qc7 11.Nc3 Rad8 12.h3 e5 13.Qe2 Ne4 14.Nxe4 Bxe4 15.Nxe5 Bxg2
16.Nxd7 Qxd7 17.Kxg2 Bf6 18.Bd2 Rfe8 19.Qf3 Qe6 20.Bc3 Rd5 21.Re1 Rf5 22.Qd1 Qd5+
23.f3 Qc4 24.e4 Rb5 25.Qe2 Qxe2+ 26.Rxe2 Rd8 27.Rd1 Kf8 28.f4 Be7 29.d5 cxd5
30.Red2 d4 31.Rxd4 Rxd4 32.Rxd4 g6 33.Kf3 Ke8 34.g4 Rc5 35.g5 Bd8 36.Rd3 Rc6
37.h4 Ra6 38.a3 Rc6 39.Kg4 Bb6 40.b3 Bc5 41.a4 Bf8 42.Bf6 h5+ 43.Kf3 Be7
44.Bc3 Bd8 45.f5 Be7 46.Kf4 Bc5 47.Bf6 Be7 48.Bxe7 Kxe7 49.f6+ Ke8 50.Rd4 Rc3
51.Rc4 Rh3 52.Rc8+ Kd7 53.Rf8 Ke6 54.Re8+ Kd6 55.e5+ Kd7 56.Re7+ Kd8 57.Rxf7 Rxh4+
58.Kf3 Rg4 59.e6 Rxg5 60.e7+  1-0

[Event "29th ChessOrg Open"]
[Site "Bad Woerishofen GER"]
[Date "2013.03.03"]
[Round "3.35"]
[White "Hamlack,H"]
[Black "Fries,Frederik"]
[Result "0-1"]
[WhiteElo "1993"]
[BlackElo "2149"]

1.d4 d5 2.Nf3 Nf6 3.c4 c6 4.Nbd2 a6 5.Qc2 Bg4 6.e3 e6 7.Bd3 Nbd7 8.O-O dxc4
9.Bxc4 Be7 10.h3 Bh5 11.b3 Rc8 12.Bb2 c5 13.Qd1 O-O 14.Qe2 cxd4 15.exd4 Nb6
16.Bd3 Nbd5 17.Ne4 Qa5 18.Nxf6+ Bxf6 19.Be4 Bg6 20.Bxg6 hxg6 21.Rfc1 Rxc1+
22.Bxc1 Rc8 23.Bg5 Rc6 24.h4 Qc7 25.Qd2 Rc2 26.Qd1 Rc6 27.a3 Qd6 28.Qd2 Ne7
29.Bf4 Qd5 30.Qd3 Nf5 31.Re1 Nxd4 32.Ne5 Rc8 33.Re3 Nf5 34.Qxd5 exd5 35.Rd3 d4
36.Nd7 Rc3 37.Nxf6+ gxf6 38.Rd1 Rxb3 39.Rc1 Rc3 40.Re1 Rc8 41.Rd1 Rd8 42.Rd3 Nxh4
43.g4 g5 44.Bg3 Nf3+ 45.Kf1 Ne5 46.Rb3 d3 47.Bxe5 d2 48.Rb1 d1=Q+ 49.Rxd1 Rxd1+
50.Ke2 fxe5  0-1

[Event "29th ChessOrg Open"]
[Site "Bad Woerishofen GER"]
[Date "2013.03.03"]
[Round "3.3"]
[White "Levin,F"]
[Black "Lampert,J"]
[Result "1/2-1/2"]
[WhiteElo "2512"]
[BlackElo "2281"]

1.d4 d5 2.c4 c6 3.Nf3 Nf6 4.Qb3 dxc4 5.Qxc4 Bg4 6.Nbd2 Nbd7 7.g3 e6 8.Bg2 Be7
9.O-O O-O 10.Qb3 Qb6 11.Nc4 Qa6 12.Re1 Rfd8 13.Bf4 Nd5 14.Bd6 Bxd6 15.Nxd6 c5
16.Nxf7 Kxf7 17.Ng5+ Kf6 18.e4 Nb4 19.Qe3 Nd3 20.Bf1 cxd4 21.Qd2 N7e5 22.f4 Nf3+
23.Nxf3 Nxe1 24.Ne5 Nf3+  1/2-1/2

[Event "Jersey Masters 2013"]
[Site "St Clement Bay JCI"]
[Date "2013.03.07"]
[Round "3"]
[White "Hebden,M"]
[Black "Rozentalis,E"]
[Result "1/2-1/2"]
[WhiteElo "2518"]
[BlackElo "2616"]

1.d4 d5 2.Nf3 c6 3.c4 dxc4 4.e3 Be6 5.Be2 Nd7 6.a4 a5 7.O-O Ngf6 8.Na3 Bd5
9.Nxc4 e6 10.b3 Be7 11.Bb2  1/2-1/2

[Event "TCh-AUT 2 East 2012-13"]
[Site "Austria AUT"]
[Date "2013.03.09"]
[Round "8.5"]
[White "Hangweyrer,M"]
[Black "Loidl,F"]
[Result "1/2-1/2"]
[WhiteElo "2367"]
[BlackElo "2203"]

1.Nf3 Nf6 2.c4 c6 3.d4 d5 4.Nbd2 Bf5 5.Nh4 Bg6 6.Qb3 Qb6 7.Qh3 Nbd7 8.Nxg6 fxg6
9.e3 O-O-O 10.c5 Qa5 11.a3 Kb8 12.b4 Qa4 13.Bd3 e5 14.dxe5 Nxe5 15.Qg3 Bd6
16.cxd6 Nxd3+ 17.Ke2 Qa6 18.Kd1 Nh5 19.Qh4 Qa4+ 20.Ke2 Qa6 21.Kd1 g5 22.Qxh5 Nxf2+
23.Ke1 Nd3+ 24.Kd1 Nf2+ 25.Ke1 Nd3+ 26.Kd1 Nf2+  1/2-1/2

[Event "TCh-FIN SM 2012-13"]
[Site "Helsinki FIN"]
[Date "2013.03.09"]
[Round "13.3"]
[White "Pohjala,H"]
[Black "Rehn,R"]
[Result "1/2-1/2"]
[WhiteElo "2306"]
[BlackElo "2173"]

1.d4 d5 2.Nf3 Nf6 3.c4 c6 4.g3 e6 5.Bg2 Bb4+ 6.Bd2 Bxd2+ 7.Qxd2 Ne4 8.Qc2 Nd7
9.O-O O-O 10.Nc3 f5 11.e3 Ndf6 12.Ne2 Bd7 13.Nf4 g5 14.Nd3 Be8 15.Nfe5 Nd7
16.f4 Nxe5 17.Nxe5 Nd6 18.Qb3 Rb8 19.fxg5 Qxg5 20.Rf4 Nf7 21.Nd3 Nd6 22.Ne5 Nf7
23.Nf3 Qg7 24.Rf1 Bd7 25.Kh1 b5 26.cxd5 cxd5 27.Qa3 Nh8 28.Ne5 Ng6 29.Nxg6 hxg6
30.g4 b4 31.Qxa7 Bb5 32.Qxg7+ Kxg7 33.Re1 Ra8 34.gxf5 gxf5 35.Ra1 Bc4 36.a3 Rfb8
37.a4 b3 38.e4 dxe4 39.Bxe4 Ra5 40.d5 Bxd5 41.Bxd5 Rxd5 42.a5 Rd2 43.a6 Rxb2
44.a7 Ra8 45.Rb4 Ra2 46.Rxa2 bxa2 47.Ra4 Kf6 48.Kg2 e5 49.Kf3 Kg5 50.Rxa2 Kh5
51.Ra4 Kg5 52.h4+ Kh5 53.Kg3 f4+ 54.Kf3 Kxh4 55.Ke4 Kg3 56.Ra3+ Kg2 57.Ra2+ Kg3
58.Ra3+ Kg2 59.Ra2+ Kg3 60.Ra3+  1/2-1/2

[Event "Blackpool Congress 2013"]
[Site "Blackpool ENG"]
[Date "2013.03.10"]
[Round "4.3"]
[White "Waters,C"]
[Black "Fernandez,Michael"]
[Result "1-0"]
[WhiteElo "2129"]
[BlackElo "1871"]

1.Nf3 Nf6 2.c4 c6 3.d4 d5 4.Qc2 e6 5.g3 Nbd7 6.Bg2 Bd6 7.O-O O-O 8.b3 Re8
9.Nc3 a6 10.Rd1 Rb8 11.Nd2 Qc7 12.e4 dxe4 13.Ndxe4 Nxe4 14.Nxe4 Bf8 15.c5 f6
16.Bf4 e5 17.dxe5 Nxe5 18.Nd6 Re7 19.Re1 Bg4 20.Bxe5 fxe5 21.Re4 Bh5 22.Rh4 Bg6
23.Qc4+ Kh8 24.Be4 Bxe4 25.Qxe4 h6 26.Qg6 Qd7 27.Re1 Qe6 28.Qc2 Rd7 29.Nc4 Rd5
30.b4 Be7 31.Rh5 Bf6 32.Qg6 Qe8 33.Rxh6+ gxh6 34.Qxf6+ Kh7 35.Nxe5 Rbd8 36.Nd3  1-0

[Event "TCh-FIN SM 2012-13"]
[Site "Helsinki FIN"]
[Date "2013.03.10"]
[Round "14.4"]
[White "Salo,H"]
[Black "Tuononen,J"]
[Result "0-1"]
[WhiteElo "2267"]
[BlackElo "2057"]

1.d4 d5 2.c4 c6 3.Nf3 Nf6 4.Qc2 e6 5.g3 Ne4 6.Bg2 Be7 7.O-O O-O 8.Nbd2 f5
9.b3 Nd7 10.Bb2 Qe8 11.a4 Rf6 12.Ne5 Qh5 13.Ndf3 g5 14.Nxd7 Bxd7 15.Ne5 Rh6
16.h3 Be8 17.Rfd1 Bg6 18.e3 g4 19.Qe2 gxh3 20.Qxh5 Bxh5 21.Bf3 Bd6 22.Bxh5 Bxe5
23.Bf3 Bd6 24.Kf1 Kf7 25.Ke2 Ng5 26.Rh1 a5 27.Ba3 Ke7 28.Bxd6+ Kxd6 29.Rag1 e5
30.dxe5+ Kxe5 31.Bxd5 cxd5 32.f4+ Kf6 33.fxg5+ Kxg5 34.cxd5 Rd8 35.Kf3 Rxd5
36.g4 Rd3 37.gxf5+ Kxf5 38.Rd1 Rxd1 39.Rxd1 h2 40.Rh1 Rh3+ 41.Kg2 Rxe3 42.Kxh2 Rxb3
43.Kg2 Kg6 44.Rd1 b6 45.Rd5 h5 46.Re5 Rb4 47.Kg3 h4+ 48.Kh3 Kf6 49.Rh5 Ke7
50.Rh6 Kd7  0-1

[Event "UTD Turner GM Invitational 2013"]
[Site "Richardson USA"]
[Date "2013.03.11"]
[Round "7"]
[White "Moradiabadi,E"]
[Black "Ramirez,Alej"]
[Result "1/2-1/2"]
[WhiteElo "2565"]
[BlackElo "2535"]

1.d4 d5 2.c4 c6 3.Nf3 Nf6 4.Qb3 dxc4 5.Qxc4 Bf5 6.g3 e6 7.Bg2 Nbd7 8.O-O Be7
9.e3 O-O 10.Qe2 Ne4 11.Rd1 h6 12.Ne1 Bh7 13.Nd3 Qc7 14.Nd2 Nxd2 15.Bxd2 e5
16.dxe5  1/2-1/2

[Event "UTD Turner GM Invitational 2013"]
[Site "Richardson USA"]
[Date "2013.03.12"]
[Round "8"]
[White "De la Parra Hurtado,D"]
[Black "Li Ruifeng"]
[Result "0-1"]
[WhiteElo "1980"]
[BlackElo "2173"]

1.d4 d5 2.c4 c6 3.Nf3 Nf6 4.Qc2 e6 5.Nbd2 Nbd7 6.e3 Bd6 7.Bd3 O-O 8.O-O Re8
9.e4 dxe4 10.Nxe4 Nxe4 11.Bxe4 Nf6 12.Bd3 c5 13.dxc5 Bxc5 14.Bg5 h6 15.Bh4 Qe7
16.Rad1 b6 17.Ne5 g5 18.Bg3 Bb7 19.Qe2 Rad8 20.h4 Kg7 21.hxg5 hxg5 22.Ng4 Nxg4
23.Qxg4 Bd4 24.Bf4 f6 25.b3 Rh8 26.Be3 Qd6 27.Rfe1 Bc3 28.Bd2 Qxd3 29.Bxc3 Qxc3
30.Qxe6 Rxd1 31.Rxd1 Bc8 32.Qe7+ Kg6 33.Qxa7 Bg4 34.Rb1 Qe5  0-1

[Event "Karpos Open 2013"]
[Site "Skopje MKD"]
[Date "2013.03.14"]
[Round "7.65"]
[White "Stefanov,Emil"]
[Black "Ozkan,E"]
[Result "1/2-1/2"]
[WhiteElo "1893"]
[BlackElo "2184"]

1.d4 d5 2.c4 c6 3.Nf3 Nf6 4.Qc2 g6 5.Bf4 Bg7 6.e3 O-O 7.Nc3 a6 8.cxd5 cxd5
9.Be2 Nc6 10.h3 Bf5 11.Qb3 Na5 12.Qb4 Rc8 13.O-O Bd7 14.Ne5 e6 15.Rfc1 Re8
16.Nxd7 Nxd7 17.Nxd5 exd5 18.Rxc8 Qxc8 19.Qxa5 Bxd4 20.Qd2 Be5 21.Rc1 Qd8
22.Bxe5 Rxe5 23.Bf3 Nf6 24.Qd4 Re6 25.Rd1 Qb6 26.Qxb6 Rxb6 27.b3 Rc6 28.Bxd5 Nxd5
29.Rxd5 Rc1+ 30.Kh2 Rc2 31.Rd7 Rxf2 32.Rxb7 Rxa2 33.Ra7 Ra3 34.b4 Ra4 35.Kg3 h5
36.Rb7 Kg7 37.b5 axb5 38.Rxb5 Re4 39.Kf3 f5 40.Rb6 Kh6 41.Rd6 Ra4 42.Rd4 Ra3
43.h4 Ra6 44.Rd8 Kg7 45.g3 Re6 46.Rd4  1/2-1/2

[Event "83rd ch-URU 2013"]
[Site "Montevideo URU"]
[Date "2013.03.16"]
[Round "7.2"]
[White "Coppola,C"]
[Black "Sanguinetti,L"]
[Result "0-1"]
[WhiteElo "2177"]
[BlackElo "2245"]

1.d4 d5 2.Nf3 Nf6 3.c4 c6 4.Qc2 dxc4 5.Qxc4 Bf5 6.Nc3 e6 7.g3 Nbd7 8.Bg2 Be7
9.O-O O-O 10.Rd1 Bc2 11.e3 Bxd1 12.Nxd1 c5 13.b3 Rc8 14.Qe2 Qb6 15.Bb2 Rfd8
16.Nc3 cxd4 17.Nxd4 Nc5 18.f4 Nd5 19.Nxd5 exd5 20.Qg4 Bf8 21.Bxd5 Rc7 22.Bc4 Na4
23.Qh4 Rxc4  0-1

[Event "Karpos Open 2013"]
[Site "Skopje MKD"]
[Date "2013.03.16"]
[Round "9.39"]
[White "Bogdanovski,V"]
[Black "Goriatchkin,J"]
[Result "0-1"]
[WhiteElo "2444"]
[BlackElo "2302"]

1.d4 d5 2.c4 c6 3.Nf3 Nf6 4.Qc2 e6 5.Bg5 Nbd7 6.e3 h6 7.Bh4 Qa5+ 8.Nc3 Ne4
9.Bd3 g5 10.Bg3 Nxg3 11.hxg3 Bg7 12.cxd5 cxd5 13.O-O-O g4 14.Nd2 Nf6 15.e4 dxe4
16.Ndxe4 Nxe4 17.Bb5+ Bd7 18.Bxd7+ Kxd7 19.Qxe4 Rac8 20.Qxb7+ Rc7 21.Qb3 Rhc8
22.Rd3 Qf5 23.Qc2 Ke8 24.Rhd1 Kf8 25.Re3 Qd5 26.Kb1 Qxg2 27.Ka1 Rd8 28.Re4 h5
29.a3 Rc4 30.Rf4 Rcxd4 31.Rdxd4 Rxd4 32.Ne4 Qf1+ 33.Ka2 Qc4+ 34.Qxc4 Rxc4
35.Rxf7+ Kxf7 36.Nd6+ Kg6 37.Nxc4 Bd4  0-1

[Event "TCh-SUI 2013"]
[Site "Switzerland SUI"]
[Date "2013.03.17"]
[Round "1.5"]
[White "Ekstroem,R"]
[Black "Karl,H"]
[Result "1-0"]
[WhiteElo "2471"]
[BlackElo "2145"]

1.d4 Nf6 2.Nf3 d5 3.c4 c6 4.Qb3 dxc4 5.Qxc4 Bf5 6.g3 e6 7.Bg2 Nbd7 8.O-O Be7
9.Nc3 Ne4 10.Qb3 Qb6 11.Nh4 Qxb3 12.axb3 Bxh4 13.gxh4 Ndf6 14.f3 Nxc3 15.bxc3 O-O
16.e4 Bg6 17.c4 Rfd8 18.Be3 a6 19.Ra5 h6 20.Rfa1 Rd7 21.Bh3 Re7 22.b4 Rc8
23.Kf2 Rd8 24.R1a2 Nd7 25.b5 axb5 26.cxb5 b6 27.Ra8 Nb8 28.Bf4 Ree8 29.Rxb8 Rxb8
30.Bxb8 Rxb8 31.bxc6 Kf8 32.h5 Bh7 33.d5 Ke7 34.Ra7+  1-0

[Event "83rd ch-URU 2013"]
[Site "Montevideo URU"]
[Date "2013.03.18"]
[Round "11.1"]
[White "Coppola,C"]
[Black "Ruggiero,A"]
[Result "1-0"]
[WhiteElo "2177"]
[BlackElo "1983"]

1.d4 d5 2.Nf3 Nf6 3.c4 c6 4.Qc2 Nbd7 5.g3 e6 6.Bg2 dxc4 7.Qxc4 Bd6 8.O-O O-O
9.Rd1 Qc7 10.Nc3 e5 11.e4 Re8 12.a4 exd4 13.Nxd4 Ne5 14.Qe2 Ng6 15.Ndb5 cxb5
16.Nxb5 Qe7 17.Nxd6 Rd8 18.Nxc8 Raxc8 19.Be3 b6 20.Bd4 Ne5 21.Bc3 h6 22.a5 Qc5
23.Rxd8+ Rxd8 24.Rd1 Rxd1+ 25.Qxd1 bxa5 26.Qd8+ Kh7 27.Qxa5 Qxa5 28.Bxa5 Nd3
29.Bc3 Ng4 30.Bf3 Nge5 31.Be2 Nc1 32.Bb5 f6 33.Bxe5 fxe5 34.Bc4 a5 35.Kf1 Kg6
36.Ke1 a4 37.Kd2  1-0

[Event "AICF KIIT Cup 2013"]
[Site "Bhubaneswar IND"]
[Date "2013.03.19"]
[Round "3"]
[White "Mohota,N"]
[Black "Girya,O"]
[Result "1/2-1/2"]
[WhiteElo "2325"]
[BlackElo "2440"]

1.d4 d5 2.Nf3 Nf6 3.c4 c6 4.Qc2 dxc4 5.Qxc4 Bf5 6.g3 e6 7.Bg2 Nbd7 8.O-O Be7
9.Nc3 O-O 10.Re1 Bg6 11.e4 b5 12.Qxc6 b4 13.e5 Rc8 14.Qa6 bxc3 15.exf6 Nxf6
16.bxc3 Rxc3 17.Ne5 Qb6 18.Qxb6 axb6 19.d5 Bc5 20.dxe6 fxe6 21.Nxg6 hxg6
22.Be3 Bxe3 23.Rxe3 Rxe3 24.fxe3 Nd5 25.Bxd5 exd5 26.Rd1 Rf3 27.Rxd5 Rxe3
28.Rb5 Re2 29.Rxb6 Rxa2 30.Rxg6 Kf7 31.Rb6 g6 32.Rb1 Kg7 33.Rf1 Rb2 34.Rf2 Rb3
35.Kg2 Ra3 36.h4 Rb3 37.g4 Rb4 38.Kg3 Rb3+ 39.Rf3 Rb4 40.Rc3 Rb7 41.Rd3 Rf7
42.Rf3 Ra7 43.Rb3 Rf7 44.Rf3 Ra7 45.Rb3 Rf7 46.Rf3 Ra7 47.Rb3  1/2-1/2

[Event "3rd HD Bank Cup 2013"]
[Site "Ho Chi Minh City VIE"]
[Date "2013.03.19"]
[Round "1.10"]
[White "Hoang Thi Nhu Y"]
[Black "Yu Ruiyuan"]
[Result "0-1"]
[WhiteElo "2250"]
[BlackElo "2556"]

1.c4 Nf6 2.d4 c6 3.Nf3 d5 4.Qc2 g6 5.Bf4 Bg7 6.e3 O-O 7.Nbd2 Na6 8.a3 c5
9.Be5 cxd4 10.exd4 Qa5 11.Qc3 Qxc3 12.bxc3 Ne4 13.Bxg7 Kxg7 14.Rc1 Nc7 15.Bd3 Nxd2
16.Nxd2 dxc4 17.Nxc4 Be6 18.a4 Rac8 19.Ne3 Rfd8 20.Kd2 b6 21.f4 Nd5 22.Nxd5 Rxd5
23.Rhe1 Ra5 24.Ra1 Rc7 25.g3 Bd5 26.Reb1 Bc6 27.Bb5 Bf3 28.Bd3 Rh5 29.h4 Bc6
30.Re1 Ra5 31.Bc2 f6 32.c4 Be8 33.Kc3 Bf7 34.Bd3 Kf8 35.Kb4 Rd7 36.Kc3 Rd8
37.Reb1 Be6 38.Bc2 Rd6 39.Re1 h6 40.Re2 Bf7 41.Bb3 Rc6 42.Rae1 Bxc4 43.Bxc4 Rxa4
44.Rxe7 Raxc4+ 45.Kb3 Rc3+ 46.Kb2 Rc2+ 47.Kb3 R6c3+ 48.Kb4 Rc7 49.Re8+ Kf7
50.Rh8 f5 51.Ree8 R2c4+ 52.Kb5 Rxd4 53.Rhf8+ Kg7 54.Rg8+ Kf6 55.Ref8+ Rf7
56.Ra8 h5 57.Rac8 Rd5+ 58.Ka4 Rd6 59.Kb5 Rfd7 60.Rcf8+ Rf7 61.Rc8 Rd5+ 62.Kb4 Rc5
63.Rcd8 Rc6 64.Kb5 Re6 65.Ka6 b5+ 66.Kxb5 Rb7+ 67.Kc5 Ra6 68.Rdf8+ Rf7 69.Rc8 Rb6
70.Ra8 Rc7+ 71.Kd5 Rbb7 72.Rae8 Re7 73.Rgf8+ Rf7 74.Rg8 Rbe7 75.Rc8 Rc7 76.Rxc7 Rxc7
77.Kd6 Rc3 78.Rf8+ Kg7 79.Ra8 Rxg3 80.Rxa7+ Kf6 81.Ra6 Rd3+ 82.Kc5+ Kg7 83.Ra7+ Kh6
84.Ra8 Rd1 85.Ra7 Rf1 86.Ra4 Rh1 87.Kd5 Rxh4 88.Ke5 Rh1 89.Kf6 h4 90.Ra8 Kh5
91.Rh8+ Kg4 92.Kxg6 Ra1  0-1

[Event "3rd HD Bank Cup 2013"]
[Site "Ho Chi Minh City VIE"]
[Date "2013.03.19"]
[Round "1.25"]
[White "Nguyen Huynh Minh Huy"]
[Black "Pham Thi Thu Hien"]
[Result "1-0"]
[WhiteElo "2460"]
[BlackElo "2132"]

1.d4 d5 2.c4 c6 3.Nf3 Nf6 4.Nbd2 Bf5 5.Nh4 Be6 6.e3 g5 7.Nhf3 g4 8.Ne5 Nbd7
9.Nd3 Bh6 10.b3 Qa5 11.Qc2 Bf5 12.Be2 O-O 13.O-O Rac8 14.Bb2 Bg5 15.b4 Qc7
16.Rac1 Qb8 17.Qb3 h5 18.Ne5 Nxe5 19.dxe5 Ne4 20.Nb1 dxc4 21.Bxc4 Bh6 22.f3 gxf3
23.gxf3 Ng5 24.Kh1 Kh8 25.Bd3 Bh3 26.f4 Ne6 27.Rf3 Bg4 28.Rg3 Nc7 29.h3 Be6
30.Qd1 Rg8 31.Qxh5 Bd5+ 32.Kh2  1-0

[Event "30th Ciocaltea Mem 2013"]
[Site "Bucharest ROU"]
[Date "2013.03.20"]
[Round "6.6"]
[White "Tarlev,K"]
[Black "Hajbok,R"]
[Result "1/2-1/2"]
[WhiteElo "2540"]
[BlackElo "2339"]

1.d4 d5 2.c4 c6 3.Nf3 Nf6 4.Qc2 dxc4 5.Qxc4 Bf5 6.g3 e6 7.Bg2 Be7 8.O-O Nbd7
9.e3 O-O 10.Qe2 Rc8 11.Rd1 Qb6 12.Nc3 Ne4 13.Nd2 Nxd2 14.Bxd2 c5 15.e4 Bg6
16.d5 Bf6 17.Na4 Qc7 18.Bf4 e5 19.Be3 Qa5 20.Nc3 c4 21.h4 h5 22.d6 Nb6 23.g4 hxg4
24.Qxg4 Kh8 25.h5 Bh7 26.h6 Bg6 27.Rd2 Rcd8 28.Qh3 Bh7 29.hxg7+ Bxg7 30.Kh1 Na4
31.Rd5 Qa6 32.d7 Nxb2 33.Bf3 Nd3 34.Rg1 Kg8 35.Bg4 Qc6 36.Bf5 Bxf5 37.Qxf5 Qe6
38.Rg2 Qxf5 39.exf5 f6 40.Rg4 Rf7 41.Rxc4 Rfxd7 42.Rxd7 Rxd7 43.Bxa7 Kf7
44.Be3 Bf8 45.Kg2 Nb4 46.Kf3 Nc6 47.Ke4 Rd8 48.a4 Bb4 49.Nd5 Bd6 50.Rc1 Ra8
51.Nb6 Rh8 52.Rd1 Rh4+ 53.f4 exf4 54.Bf2 Rh2 55.Rxd6 Rxf2 56.Nd5 Ne7 57.Rxf6+ Kg7
58.Rd6 Nxd5 59.Rxd5 f3 60.Rb5 Rf1 61.a5  1/2-1/2

[Event "3rd HD Bank Cup 2013"]
[Site "Ho Chi Minh City VIE"]
[Date "2013.03.20"]
[Round "3.10"]
[White "Nguyen Van Huy"]
[Black "Le Tuan Minh"]
[Result "1/2-1/2"]
[WhiteElo "2486"]
[BlackElo "2218"]

1.d4 d5 2.Nf3 Nf6 3.c4 c6 4.Qb3 e6 5.g3 Nbd7 6.Bg2 Be7 7.O-O O-O 8.Nc3 b6
9.Bf4 Ba6 10.cxd5 Nxd5 11.Nxd5 cxd5 12.Qe3 Nf6 13.Rfc1 Bd6 14.Rc2 Qe7 15.Rac1 Rfc8
16.Bxd6 Qxd6 17.Ne5 Rxc2 18.Rxc2 Rc8 19.Rxc8+ Bxc8 20.Qc3 Bb7 21.e3 Nd7 22.Nxd7 Qxd7
23.Bf1 g6 24.h4 h5 25.Bd3 Bc6 26.Qb4 Kg7 27.Kh2 Kg8 28.Bf1 Kg7 29.Qc3 Kg8
30.Bg2 Qd6 31.f3 f6 32.a3 Kf7 33.Qd2 Bd7 34.Qc1 Kg7 35.Qc3 Kf7 36.Bf1 e5
37.Bg2 Kg8 38.Qd2 Kg7 39.dxe5 fxe5 40.f4 exf4 41.Qd4+ Qf6 42.Qxf6+ Kxf6 43.gxf4 Be6
44.Kg3 Ke7 45.Kf2 Kd6 46.b4 Bf5 47.Bf1 Kc6 48.Ke1 a5 49.Kd2 axb4 50.axb4 Kd6
51.Kc3 Kc6 52.Kd4 Kd6 53.Bg2 Be6 54.Bf3 Bf7 55.Be2 Be6 56.Ba6 Bf5 57.Bf1 Be4
58.Bb5 Bf5 59.Be8 Ke6 60.Bc6 Be4 61.Bb7 Kd6 62.Bc8 Bf5 63.Ba6 Be4 64.Be2 Ke6
65.Bf1 Kd6 66.Bh3 Bf3 67.f5 gxf5 68.Bxf5 Be2 69.Bg6 Bg4 70.Bh7 Bf3 71.Bg8 Be4
72.Bf7 Bf3 73.Bg6 Bg4 74.Bh7 Be2 75.Bg6 Bg4 76.Bh7 Bf3 77.Bc2 Bg4 78.Bb3 Bf3
79.Ba4 Be2  1/2-1/2

[Event "3rd HD Bank Cup 2013"]
[Site "Ho Chi Minh City VIE"]
[Date "2013.03.21"]
[Round "4.30"]
[White "Duong The Anh"]
[Black "Dang,H"]
[Result "1-0"]
[WhiteElo "2359"]
[BlackElo "2063"]

1.d4 d5 2.c4 c6 3.Nf3 Nf6 4.Qb3 Qb6 5.Nc3 Nbd7 6.g3 e6 7.Bg2 Bd6 8.O-O O-O
9.Rd1 Qxb3 10.axb3 b6 11.Bf4 Bxf4 12.gxf4 Bb7 13.Ne5 Rfd8 14.b4 Nxe5 15.fxe5 Ne8
16.c5 Nc7 17.e3 f6 18.Bh3 Kf7 19.Ra3 b5 20.Ne2 f5 21.f3 a6 22.Kf2 Ra7 23.Rg1 Rda8
24.Ra5 Rg8 25.Nc3 Raa8 26.Bf1 g6 27.Bd3 Rgd8 28.Ne2 Rd7 29.e4 Rf8 30.Ke3 fxe4
31.fxe4 Kg7 32.Ng3 Kh6 33.Raa1 Rfd8 34.Ne2 Rf7 35.Raf1 Rdf8 36.Rxf7 Rxf7
37.Nf4 Bc8 38.h4 Bd7 39.Bc2 Rf8 40.Bb3 Bc8 41.Rg2 Ne8 42.Bc2 Nc7 43.Bd3 Ne8
44.Rg1 Nc7 45.Rg3 Ne8 46.Be2 Ng7 47.Bg4 Rg8 48.Rg1 Rf8 49.Ra1 dxe4 50.Kxe4 g5
51.hxg5+ Kxg5 52.Rf1 Rf7 53.Nh3+ Kg6 54.Rg1 Kh6 55.Nf4 Bd7 56.Bh3 Rf8 57.Rg2 Rf7
58.Ke3 Rf8 59.Rg1 Rf7 60.Ne2 Kh5 61.Nf4+ Kh6 62.Nd3 Kh5 63.Nf2 Kh4 64.Rh1 Kg5
65.Ne4+ Kg6 66.Rg1+ Kh6 67.Nf6 Bc8 68.Bg4 Rf8 69.Kf4 Rd8 70.Ke4 Nf5 71.Bxf5 exf5+
72.Ke3 Be6 73.Rh1+ Kg6 74.Nh5 Bf7 75.Nf4+ Kg7 76.Rg1+ Kh6 77.Ra1 Rg8 78.Rh1+ Kg7
79.Rg1+ Kh6 80.Rxg8 Bxg8 81.d5 Bxd5 82.Nxd5  1-0

[Event "3rd HD Bank Cup 2013"]
[Site "Ho Chi Minh City VIE"]
[Date "2013.03.21"]
[Round "4.52"]
[White "Kuich,Gero"]
[Black "Nguyen Thi Hanh"]
[Result "1/2-1/2"]
[WhiteElo "1808"]
[BlackElo "1902"]

1.d4 d5 2.c4 c6 3.Nf3 Nf6 4.Nbd2 Bf5 5.g3 e6 6.Bg2 Bd6 7.O-O O-O 8.b3 Nbd7
9.Bb2 Ne4 10.Nh4 Qg5 11.Nxe4 dxe4 12.Nxf5 exf5 13.e3 Nf6 14.Qc2 Rfe8 15.Rad1 Ng4
16.Qe2 Rad8 17.d5 c5 18.h3 Ne5 19.Bxe5 Bxe5 20.Rd2 Rd6 21.Rfd1 a5 22.a3 b6
23.Kh1 Red8 24.Rc2 Rg6 25.Rg1 h5 26.h4 Qf6 27.Bh3 Bb8 28.Qxh5 Rh6 29.Qxf5 Qxf5
30.Bxf5 g5 31.Kg2 gxh4 32.Rh1 Rf6 33.Bxe4 hxg3 34.fxg3 Re8 35.Bh7+ Kg7 36.e4 Rh8
37.Bf5 Rxh1 38.Kxh1 Rh6+ 39.Kg2 Bd6 40.Kf3 Kf6 41.a4 Rh1 42.Kg2 Rb1 43.Rc3 Rb2+
44.Kh3 Kg5 45.Rf3 Kh6 46.Bg4 Kg7 47.Bh5 f6 48.Kg4 Rh2 49.Be8 Rh8 50.Bd7 Kf7
51.Bf5 Be5 52.Rd3 Rg8+ 53.Kh3 Ke7 54.g4 Kd6 55.Kg2 Rh8 56.Rh3 Rxh3 57.Kxh3 Bf4
58.Kh4 Ke7 59.Kh5 Kf7 60.Bd7 Kg7 61.Be6 Kh7 62.g5 fxg5 63.e5 Bxe5 64.Kxg5 Kg7
65.Kf5 Bc7  1/2-1/2